University Home | Library Home | Institutional Repository

Illustrated textbook of elementary physiology. (Record no. 147534)

MARC details
000 -LEADER
fixed length control field 00590cam9a220019300 4500
001 - CONTROL NUMBER
control field tmp15683031
003 - CONTROL NUMBER IDENTIFIER
control field UPRA
005 - DATE AND TIME OF LATEST TRANSACTION
control field 20190823101819.0
008 - FIXED-LENGTH DATA ELEMENTS--GENERAL INFORMATION
fixed length control field 951003s1980 ja eng u
035 ## - SYSTEM CONTROL NUMBER
System control number (Sirsi) r56230
035 ## - SYSTEM CONTROL NUMBER
System control number (UPRA)tmp15683031
040 ## - CATALOGING SOURCE
Transcribing agency UPRA
100 1# - MAIN ENTRY--PERSONAL NAME
Personal name Uchizono, Koji, 1916-
Dates associated with a name Uchizono, Koji, 1916-
Linkage A14920.1
245 10 - TITLE STATEMENT
Title Illustrated textbook of elementary physiology.
260 ## - PUBLICATION, DISTRIBUTION, ETC.
Place of publication, distribution, etc. [Tokyo] :
Name of publisher, distributor, etc. International Nursing Foundation of Japan,
Date of publication, distribution, etc. [1980]
650 #0 - SUBJECT ADDED ENTRY--TOPICAL TERM
Topical term or geographic name entry element Physiology.
Linkage S134.1
949 ## - LOCAL PROCESSING INFORMATION (OCLC)
a QP34.5
w lcc
i -72946
m MAIN
t BOOK
l ON-SHELF

No items available.

© 2026 - The University of Zambia Library - Koha v25.11